[Event "GER-chT8 LH-23 Br4 email"]
[Site "GER email"]
[Date "2009.10.09"]
[Round "?"]
[White "Ollmann, Hans Paul"]
[Black "Liedtke, Dirk"]
[Result "1/2-1/2"]
[WhiteElo "2178"]
[BlackElo "2174"]
[PlyCount "47"]
[EventDate "2009.10.15"]
[EventType "tourn (corr)"]
[EventRounds "8"]
[EventCountry "GER"]
[SourceTitle "Corr 2020"]
[Source "ChessBase"]
[SourceDate "2019.09.30"]
[SourceVersion "1"]
[SourceVersionDate "2019.09.30"]
[SourceQuality "1"]

1. e4 e6 2. d4 d5 3. Nc3 Bb4 4. e5 Ne7 5. a3 Bxc3+ 6. bxc3 c5 7. Qg4 cxd4 8. Qxg7 Rg8 9. Qxh7 Qc7 10. Ne2 Nbc6 11. f4 dxc3 12. Qd3 d4 13. Rb1 Bd7 14. Rg1 0-0-0 15. Nxd4 Nxd4 16. Qxd4 Bb5 17. Qxa7 Bxf1 18. Kxf1 Qc4+ 19. Kf2 Qe4 20. Qa8+ Kc7 21. Qa5+ Kb8 22. Qxc3 Rc8 23. Rb4 Qf5 24. Rxb7+ 1/2-1/2

[Event "GER-chT8 LH-23 Br4 email"]
[Site "GER email"]
[Date "2009.10.09"]
[Round "?"]
[White "Ollmann, Hans Paul"]
[Black "Schneider, Karl"]
[Result "1-0"]
[WhiteElo "2178"]
[BlackElo "2030"]
[PlyCount "93"]
[EventDate "2009.10.15"]
[EventType "tourn (corr)"]
[EventRounds "8"]
[EventCountry "GER"]
[SourceTitle "Corr 2020"]
[Source "ChessBase"]
[SourceDate "2019.09.30"]
[SourceVersion "1"]
[SourceVersionDate "2019.09.30"]
[SourceQuality "1"]

1. e4 e6 2. d4 d5 3. Nc3 Be7 4. Bd3 dxe4 5. Nxe4 Nc6 6. Nf3 Nf6 7. 0-0 0-0 8. c3 Nxe4 9. Bxe4 Bf6 10. Re1 Ne7 11. Qc2 g6 12. h4 Rb8 13. Bg5 Nf5 14. Bxf6 Qxf6 15. h5 gxh5 16. Qa4 a6 17. Qc4 Qd8 18. Qe2 Nd6 19. Bd3 f6 20. Nh4 Qe8 21. Qe3 Rf7 22. Qh6 Qf8 23. Qxh5 Rg7 24. Re3 Qf7 25. Qh6 Rg4 26. f3 Rg3 27. Kf2 Rg7 28. Rh1 Bd7 29. b3 Re8 30. c4 Nc8 31. Qf4 c5 32. dxc5 e5 33. Qh2 Ne7 34. Be4 Bc6 35. Bxc6 bxc6 36. Rd1 Kh8 37. Rd6 Rg5 38. Qh3 Rh5 39. g4 Rg5 40. Rd7 Qe6 41. Rc7 Rc8 42. Rb7 Rd8 43. Nf5 Rd7 44. Rxd7 Qxd7 45. Nd6 Rg6 46. Rd3 Ng8 47. Qh5 1-0

[Event "GER-chT LG-22 email"]
[Site "GER email"]
[Date "2007.10.25"]
[Round "?"]
[White "Ollmann, Hans Paul"]
[Black "Nitsche, Werner"]
[Result "1-0"]
[WhiteElo "2000"]
[BlackElo "2406"]
[PlyCount "89"]
[EventDate "2007.??.??"]
[EventType "tourn (corr)"]
[EventRounds "8"]
[EventCountry "GER"]
[SourceTitle "Corr 2011"]
[Source "ChessBase"]
[SourceDate "2010.08.31"]
[SourceVersion "1"]
[SourceVersionDate "2010.08.31"]
[SourceQuality "1"]

1. e4 c5 2. Nf3 d6 3. d4 cxd4 4. Nxd4 Nf6 5. Nc3 a6 6. Be3 e6 7. f3 b5 8. Qd2 Nbd7 9. g4 h6 10. 0-0-0 Bb7 11. h4 b4 12. Na4 Qa5 13. b3 Nc5 14. a3 Nxa4 15. axb4 Qc7 16. bxa4 d5 17. e5 Nd7 18. f4 Nb6 19. Rh3 Rc8 20. f5 Nc4 21. Bxc4 Qxc4 22. fxe6 Bxb4 23. exf7+ Kxf7 24. Qf2+ Kg8 25. Bd2 Rf8 26. Qe3 Bc5 27. Bc3 Bc6 28. e6 Kh7 29. g5 Rhg8 30. e7 Rf1 31. Rg3 Bxa4 32. Rxf1 Qxf1+ 33. Kd2 Re8 34. Rg1 Qc4 35. gxh6 Bxd4 36. Qxd4 Qxd4+ 37. Bxd4 g6 38. Bf6 Kxh6 39. Rg5 Bc6 40. Re5 Kh7 41. Re6 Bb7 42. Kc3 a5 43. Bg5 Kg7 44. Rd6 Kf7 45. Rf6+ 1-0

[Event "GER KF-34 Class1 B4 email"]
[Site "GER email"]
[Date "2007.??.??"]
[Round "?"]
[White "Ollmann, Hans Paul"]
[Black "Woestmann, Ulrich"]
[Result "1-0"]
[WhiteElo "2070"]
[BlackElo "1950"]
[PlyCount "81"]
[EventDate "2007.??.??"]
[EventType "tourn (corr)"]
[EventRounds "6"]
[EventCountry "GER"]
[SourceTitle "Corr 2008"]
[Source "ChessBase"]
[SourceDate "2008.06.24"]
[SourceVersion "1"]
[SourceVersionDate "2008.06.24"]
[SourceQuality "1"]

1. e4 c5 2. Nf3 d6 3. d4 cxd4 4. Nxd4 Nf6 5. Nc3 a6 6. Be3 e5 7. Nb3 Be6 8. f3 Nbd7 9. Qd2 b5 10. 0-0-0 Be7 11. g4 b4 12. Na4 h6 13. h4 Qc7 14. Qxb4 d5 15. Qc3 Qxc3 16. Nxc3 d4 17. Nxd4 exd4 18. Bxd4 Bd6 19. Rg1 Bh2 20. Rg2 Bf4+ 21. Kb1 Ke7 22. Ne2 Bc7 23. Be3 Bc4 24. b3 Bxe2 25. Bxe2 Rhd8 26. Rf1 Ne8 27. g5 Bb6 28. Bc1 h5 29. f4 g6 30. Bb2 Bc7 31. Bc4 Nb6 32. Bd3 Nd7 33. Re2 Ra7 34. a4 a5 35. e5 Nc5 36. Ba3 Bb6 37. f5 gxf5 38. Bxf5 Ng7 39. Bd3 Nge6 40. Ref2 Rd5 41. Bc4 1-0